000 00424nam a2200181Ia 4500
005 20250423100445.0
008 250422s9999 xx 000 0 und d
020 _a9781549696
050 _aPR 9387 .9 .O37 .P37/
100 _aOgunyáşımi, Wale
245 0 _aPartners in Business
260 _aIbadan
260 _bUniversity Press Limited
260 _c2009
300 _a43 p
650 _aLiterature
942 _cBK
999 _c33362
_d33362